00341nam a2200121Ia 4500008004100000041000800041082002100049100002400070245004600094250001300140260005500153300001100208231229s2019 xx 000 0 und d aeng a346.5401308bCHA aCHATTERJEE (Ishita) aGender Justice and Feminist Jurisprudence a7th Rep. aAllahabadbCentral Law Publication Allahabadc2019 av, 758